Paroles : Femme Libérée - Cookie Dingler - Statistiques

Statistiques générales
  • Ce quiz a été pris 2 420 fois
  • Le résultat moyen est 242 sur 284
Statistiques - réponses
Réponse % Correct
Elle
99%
elle
99%
c'est
98%
est
98%
femme
98%
libérée
98%
pas
98%
si
98%
un
98%
Et
97%
facile
97%
la
97%
ne
97%
Ne
97%
Sa
97%
sa
97%
une
97%
Etre
96%
fragile
96%
laisse
96%
sais
96%
tomber
96%
tu
96%
à
93%
a
93%
de
89%
que
84%
abonnée
83%
Le
82%
Marie-Claire
82%
son
82%
plus
80%
des
79%
en
79%
lit
76%
s'en
76%
Je
74%
Mais
74%
même
74%
Même
74%
Au
73%
qu'elle
73%
Qui
73%
fait
71%
lui
71%
quand
71%
bien
70%
Dans
70%
dans
70%
fout
70%
loin
70%
l'aurore
69%
s'endort
69%
marrant
68%
t'aime
68%
fond
67%
ses
67%
sur
66%
tonnes
66%
du
65%
temps
64%
cachette
63%
y
63%
l'aimera
62%
macho
62%
Match
62%
semblant
62%
longtemps
61%
vie
61%
ronronne
60%
tout
60%
s'éclate
59%
achète
58%
monde
58%
sait
58%
enfants
57%
avis
56%
joint
56%
soucis
56%
celui
55%
p'tit
55%
âge
54%
aime
54%
changer
54%
roue
54%
faire
53%
sort
53%
fois
52%
chaque
51%
première
51%
ride
51%
effort
50%
fume
50%
faut
49%
miroir
49%
Ob's
49%
qu'il
49%
ils
48%
l'nouvel
48%
reflet
48%
pèse
47%
raconter
46%
disent
45%
rentre
44%
ventre
44%
avoue
43%
beaucoup
41%
Bretecher
38%
goûte
29%
Aucun quiz correspondant
Distribution des résultats
% des personnes avec chaque résultat
Percentile par nombre de réponses
Votre historique - résultats
Vous n’avez pas pris ce quiz